| 000 | 00397nam a2200145 a 4500 | ||
|---|---|---|---|
| 001 | 000033758 | ||
| 005 | 20200930070509.0 | ||
| 008 | 110908s1938 ag 000 0 spa d | ||
| 040 |
_aDO-SdBNP _bspa _cBNPHU |
||
| 082 |
_axxx _bV422f |
||
| 100 | 1 |
_aVega, Lope de _959179 |
|
| 245 | 1 | 0 |
_aFuenteovejuna / _cLope de Vega. |
| 260 |
_aBuenos Aires : _bEditorial Losada, _c1938. |
||
| 300 |
_a262 p. ; _c19 cm. |
||
| 999 |
_c33249 _d33249 |
||